El sacerdote ante los problemas modernos

Uloženo v:
Podrobná bibliografie
Hlavní autor: Alzin, Josse (Autor)
Médium: Kniha
Jazyk:španělština
Vydáno: San Sebastián Ediciones Dinor S. L 1961
Vydání:3a. ed
Edice:Colección Prisma, 10
Témata:
Tagy: Přidat tag
Žádné tagy, Buďte první, kdo vytvoří štítek k tomuto záznamu!

MARC

LEADER 00000cam a2200000 a 4500
001 UCE5719
003 CL-VaPUC
008 150305e19610000sp |||||||||||||||||spa|d
082 0 4 |a 240  |b ALZ  |2 21 
100 0 |a Alzin, Josse  |e author  |9 578396 
245 1 3 |a El sacerdote ante los problemas modernos 
250 |a 3a. ed 
300 |a 317 p 
942 |c BK 
945 |d 20150305 12:52:00  |a dcastane 
260 |a San Sebastián  |b Ediciones Dinor S. L  |c 1961 
650 0 |a Vida sacerdotal  |9 399591 
650 0 |a Vida religiosa  |9 257284 
650 0 |a Sacerdocio  |9 319738 
650 7 |a IGLESIA Y SOCIEDAD  |2 CL-VaPUC  |9 399674 
583 |a last modification  |c 20150305 12:52:00  |k Rodrigo Vera 
490 0 |a Colección Prisma, 10 
999 |c 358347  |d 358345 
952 |0 0  |1 0  |3 erb  |4 0  |6 240_000000000000000_ALZ_1961  |7 0  |8 A  |9 466985  |a BIBTEO  |b BIBTEO  |i 5152941  |o 240 ALZ 1961  |p 5152941  |r 2025-01-17  |w 2019-11-23  |y BK  |z Catalogado en:20150305  |k ICR